• 首页
  • 本馆介绍
  • 公告通知
  • 最新文献
  • 馆藏检索
  • 电子资源
  • 读者导购
  • 参考咨询
  • 我的图书馆
  • 登录
  • 详细信息显示
  • 放入我的书架
  • 预约/预借图书
  • 作者相关作品
  • 分类相关作品
  • 丛书相关作品
  • 出版社相关作品

书目信息

  • 表格格式
  • 工作单格式
  • 卡片格式
题名:
许地山
    
 
作者: 许地山 , 许地山 著
分册:  
出版信息: 长春   吉林出版集团有限责任公司  2016
页数: 154页
开本: 24cm
丛书名: 中国学术名著丛书
单 册:
中图分类: Z126.276 , Z126
科图分类:
主题词: 国学--研究--中国--民国
电子资源:
ISBN: 978-7-5581-1199-0
000 00992oam2 2200313 450
001 1676952790
005 20161010213103.81
010    @a978-7-5581-1199-0@dCNY25.80
100    @a20160923d2016 em y0chiy50 ea
101 0  @achi
102    @aCN@b220000
105    @ay z 000yy
106    @ar
200 1  @a许地山@9xu di shan@e国学与国粹@f许地山著@Fxu di shan zhu
210    @a长春@c吉林出版集团有限责任公司@d2016
215    @a154页@d24cm
225 1  @a中国学术名著丛书
300    @a典藏
314    @a版权页题:许地山著
330    @a本书分为宗教、文物、语文3个专题,收录了《原始的儒、儒家与儒教》、《医学与道教》、《宗教底妇女观》、《清代文考制度》、《香港考古述略》等文章。
461  0 @12001 @a中国学术名著丛书
517 1  @a国学与国粹@9guo xue yu guo cui
606 0  @a国学@x研究@y中国@z民国
690    @aZ126.276@v5
690    @aZ126@v4
701  0 @a许地山@9xu di shan@4著
701  0 @a许地山@Axu di shan@4著
801  0 @aCN@bMUSE@c20161010
905    @aBZT@dZ126@e8
    
    许地山:国学与国粹/许地山著.-长春:吉林出版集团有限责任公司,2016
    154页;24cm.-(中国学术名著丛书)
    典藏
    
    ISBN 978-7-5581-1199-0:CNY25.80
    本书分为宗教、文物、语文3个专题,收录了《原始的儒、儒家与儒教》、《医学与道教》、《宗教底妇女观》、《清代文考制度》、《香港考古述略》等文章。
●
相关链接 在五车中查询图书 在当当中查询图书 在豆瓣中查询图书


正题名:许地山     索取号:Z126/8         预约/预借

序号 登录号 条形码 馆藏地/架位号 状态 备注
1 809248   2000809248   第二书库/ [索取号:Z126/8] 在馆    
2 809249   2000809249   第二书库/ [索取号:Z126/8] 在馆    
3 809250   2000809250   第二书库/ [索取号:Z126/8] 在馆    
山东省滨州职业学院图书馆 欢迎您!
大连网信软件有限公司© 版权所有